000 00610nam a2200181Ia 4500
003 SGT
020 _a9789380358154
082 _a690
_bRAN
100 _aRangwala
245 _aBuilding construction
250 _a28rev. . Ed.
260 _bCharotar Publishing House Pvt. Ltd.
_aGujarat
_c2010
300 _a752p.
650 _aCIVIL ENGINEERING
653 _aBUILDING CONSTRUCTION, FUNCTIONAL PLANNING OF BUILDINGS,IMPORTANT BUILDINGS COMPONENTS, FOUNDATIONS
856 _uhttps://docs.google.com/viewer?a=v&pid=sites&srcid=bWl0ci5paXRtLmFjLmlufGlpdG1jaXZpbHxneDo1MWYxNGZiODVkYWQ3NTNj
942 _2ddc
_cBK
_09
999 _c5157
_d5157